El asesino del zar = The Assassin of the Tsar /

保存先:
書誌詳細
第一著者: Shakhnazarov, Karen (realización)
その他の著者: Borodyanskiy, Aleksandr (guión) (guión), Shakhnazarov, Karen (guión) (guión), Nemolyaev, Nikolay (fotógrafo) (fotógrafo), Milioti, Lidiya (montaje) (montaje), Altman, John (música) (música), Shut, Vladislav (música) (música), McDowell, Malcolm (actuación) (actuación), Yankovski, Oleg (actuación) (actuación), Dzhigarkhanyan, Armen (actuación) (actuación)
フォーマット: スライド
言語:ロシア語
出版事項: Gran Bretaña? : Spectator Entertainment, 1991, c1991
主題:
タグ: タグ追加
タグなし, このレコードへの初めてのタグを付けませんか!

MARC

LEADER 00000ngm^a2200000^a^4500
001 000326120
005 20250521000000.0
008 121106 20122012
009 20260310113756.672
037 |a Acervo ITESO - Biblioteca 
041 |a RUS 
082 |a 891. 7  |b SHA 
100 |a Shakhnazarov, Karen  |e (realización) 
245 1 3 |a El asesino del zar =  |b The Assassin of the Tsar /  |c Realización de K. Shakhnazarov. 
264 4 |a Gran Bretaña? :  |b Spectator Entertainment,  |c 1991, c1991 
264 2 |a México :  |b Quality Films [distribución],  |c 2012, c2012 
300 |a 1 DVD regiones 1 y 4  |c (100 min.) 
336 |a imagen móvil bidimensional  |b tdi  |2 rdacontenido 
337 |a video  |b v  |2 rdamedio 
338 |a videodisco  |b vd  |2 rdasoporte 
500 |a Traducción de: Tsareubiytsa 
546 |a En inglés, con subtítulos opcionales: español 
546 |a Doblaje al inglés 
546 |a Doblaje opcional: español 
649 |a XX 
650 |a Películas Históricas 
650 |a Dramas Cinematográficos 
650 |a Cine Ruso -  |y 1990-1999 
650 |a Cine Ruso -  |y Siglo XX 
650 |a Psicopatología 
650 |a Asesinato Político -  |z Rusia -  |x Historia -  |y Nicolás II, 1894-1917 -  |x Tema Principal 
650 |a Rusia -  |x Historia -  |y Nicolás II, 1894-1917 
650 |a Rusia -  |x Historia -  |y Siglo XX 
650 |a Rusia -  |x Historia -  |y Casa Romanov, 1613-1917 
650 |a Rusia -  |x Historia -  |y Período Zarista, 1462-1917 
700 |a Borodyanskiy, Aleksandr  |e (guión) 
700 |a Shakhnazarov, Karen  |e (guión) 
700 |a Nemolyaev, Nikolay  |e (fotógrafo) 
700 |a Milioti, Lidiya  |e (montaje) 
700 |a Altman, John  |e (música) 
700 |a Shut, Vladislav  |e (música) 
700 |a McDowell, Malcolm  |e (actuación) 
700 |a Yankovski, Oleg  |e (actuación) 
700 |a Dzhigarkhanyan, Armen  |e (actuación) 
910 |a Fondo General 
920 |a Audiovisuales - DVDs 
940 |a Películas 
905 |a 302 
901 |a 0500214652  |b IT2  |c DVS  |i C134187  |u 20250521 
902 |a https://opac.biblio.iteso.mx/vufind/Record/000326120